[Event "Moscow Aeroflot op-A"]
[Site "Moscow"]
[Date "2005.02.15"]
[Round "1"]
[White "Kotronias, Vasilios"]
[Black "Motylev, Alexander"]
[Result "0-1"]
[WhiteElo "2585"]
[BlackElo "2665"]
[Annotator "Kortschnoj,V"]
[PlyCount "83"]
[EventDate "2005.02.15"]
[EventType "swiss"]
[EventRounds "9"]
[EventCountry "RUS"]
[SourceTitle "CBM 106"]
[Source "ChessBase"]
[SourceDate "2005.06.06"]
[SourceVersion "1"]
[SourceVersionDate "2005.06.06"]
[SourceQuality "1"]

1. e4 {Postny,E} e5 2. Nf3 Nc6 3. Bb5 a6 4. Ba4 Nf6 5. O-O Nxe4 6. d4 b5 7. Bb3
d5 8. dxe5 Be6 9. Be3 Be7 10. c3 Nc5 11. Bc2 Nd7 12. Re1 Ndxe5 13. Nxe5 Nxe5
14. Bd4 Nc6 15. Bxg7 Rg8 16. Qh5 Kd7 (16... Qd7 $5 17. Qh6 O-O-O 18. Bxh7 Rh8
$1 $13 {Saliev-Korneev 1995}) (16... Rxg7 $6 {Postny,E} 17. Rxe6 Rg5 18. Qxg5
fxe6 19. Qh5+ Kd7 20. Nd2 $16) 17. Bh6 Bc5 $1 $146 (17... Bd6 18. f4 $16) (
17... Bf8 {Postny,E} 18. Bxf8 Qxf8 19. Nd2 h6 20. Nf3 Qg7 21. g3 Qg4 22. Ne5+
Nxe5 23. Qxe5 $14 {1-0 Asrian,K-Mamedyarov,S/Dubai 2000/EXT 2001 (44)}) (17...
Bg5 {Postny,E} 18. f4 Bxh6 19. Qxh6 Kc8 20. f5 Bd7 21. Nd2 Rb8 22. Nf3 $14 {
1/2-1/2 Miranovic,R-Mikhalchishin,A/Cetinje 1992/EXT 97 (30)}) (17... Bf6 {
Postny,E} 18. f4 d4 19. Be4 Ne7 20. Qc5 c6 21. Bg5 Bxg5 22. fxg5 Kc7 23. cxd4
$16 {1-0 Ghaem Maghami,E-Sagalchik,G/playchess.com INT 2004/CBM 099 ext (46)})
18. Nd2 (18. Be3 $5 $11) 18... Qf6 19. Nf3 $6 (19. Be3 Bd6 20. Qh6 $11) (19.
Ne4 $2 {Postny,E} dxe4 20. Qxc5 Rxg2+ $1 21. Kxg2 Rg8+ 22. Kf1 Bc4+ 23. Qxc4 (
23. Re2 $2 Qf3 $19) 23... bxc4 $19) 19... Rg4 $1 $15 20. Kh1 Rag8 21. Bxh7 ({
Wild complications could arise after} 21. Rad1 $5 {Postny,E} Rxg2 (21... Bxf2
22. Rxd5+ Bxd5 23. Qxd5+ Kc8 24. Bf5+ Kb7 25. Bxg4 Bxe1 26. Bg5 Qd6 27. Qxf7
Bf2 $17 {[%cal Gd6d1]}) 22. Rxd5+ Bd6 (22... Bxd5 23. Qxd5+ Kc8 (23... Bd6 $2
24. Bf5+ Kd8 25. Bf4 $1 {and white is on top.}) 24. Qf5+ Qxf5 25. Bxf5+ Kb7 26.
Bxh7 Bxf2 27. Bxg8 Rxg8 $11) 23. Rg5 Rxf2 $1 (23... R8xg5 24. Bxg5 Rxg5 25.
Nxg5 Qxf2 26. Qe2 Bd5+ 27. Be4 $16) 24. Rxg8 Rxc2 $15) 21... Rxg2 (21... Rh8
22. Rxe6 fxe6 23. Qxg4 Qxh6 24. Bd3 Bxf2 25. a4 Ke7 26. h3 $13) 22. Rxe6 $1 (
22. Bxg8 Rg4 $5 (22... Rxg8 23. Rg1 Rh8 24. Bg5 Rxh5 (24... Qf5 25. Qxh8 Qxf3+
26. Rg2 Bh3 27. Rag1 Bxf2 28. Qxh3+ $8 Qxh3 29. Rxf2 Ne5 $15) 25. Bxf6 Rf5 26.
Bd4 $14) 23. Nh4 {relatively the best move} (23. Nd2 Qxf2 24. Qh3 (24. Qxg4
Bxg4 25. Rf1 Qh4 26. Rxf7+ Ne7 $17) 24... Rxg8 25. Qf3 Qxf3+ 26. Nxf3 Bh3 $17
27. Re2 Bg4 $19) 23... Rxh4 (23... Qxh4 $2 24. Bxf7 Qxh5 25. Bxh5 Rh4 26. Be8+
$18) (23... Qxf2 $2 24. Rf1 $2 (24. Bxf7 $1 $16) 24... Rxh4 $19) 24. Bg5 Rxh5
25. Bxf6 Bd6 {with a strong attack} 26. h4 Rh6 27. Bg5 Rh8 $17) 22... fxe6 23.
Bxg8 Rxg8 {Postny,E: 'Black has decisive advantage now, thanks to numerous
factors, namely: 1) Safe king compared to his counterpart; 2) Excellent
coordination of all his pieces; 3) Superior pawnstructure.'} (23... Rxf2 $6 24.
Re1 (24. Bxe6+ $5) 24... Nd8 (24... Rxf3 25. Bxe6+ Kd6 26. Bh3 Ne5 27. b4 Bb6
28. Qe8 $1 $16) 25. Be3 $18) 24. Rg1 Rxg1+ 25. Kxg1 b4 26. cxb4 $6 {Postny,E:
'This makes black's task easier, as black has now total control in the centre.'
} (26. Bd2 bxc3 27. bxc3 {should be considered.}) 26... Bxb4 27. Bc1 {White is
in time-trouble and makes the most obvious moves.} ({It is true, after} 27. b3
Qa1+ 28. Kg2 Qxa2 29. Qf7+ Be7 30. Bg5 Qe2 {White would not have enough
compensation for a pawn.}) 27... Bc5 28. Kf1 $2 {A waiting move.} (28. a3 {
(against the threat Nb4 a3 Nd3)}) (28. h4 {or}) (28. Kg2 {- everything was
stronger than the text.}) 28... Kc8 29. Kg2 e5 $1 $17 30. Qg4+ $2 ({The only
chance to survive was to exchange queens by} 30. Qh6 {.}) 30... Kb7 31. Bg5 Qg7
32. Qf5 e4 33. Nd2 e3 34. Nb3 (34. fxe3 Bxe3 35. Nf3 Qxb2+ $19) 34... Be7 35.
h4 e2 36. Qe6 Bxg5 37. hxg5 Qxg5+ 38. Kf3 Qh5+ 39. Kg2 d4 $19 40. f3 d3 41. Qe3
Kb8 42. Nc1 (42. Nc1 Qe5 $19) 0-1

[Event "Bundesliga 0607"]
[Site "Germany"]
[Date "2006.11.19"]
[Round "4.8"]
[White "Gross, David2"]
[Black "Ernst, Sipke"]
[Result "0-1"]
[WhiteElo "2478"]
[BlackElo "2512"]
[Annotator "Kortschnoj,V"]
[PlyCount "96"]
[EventDate "2006.10.28"]
[EventType "team-tourn"]
[EventRounds "15"]
[EventCountry "GER"]
[SourceTitle "CBM 116"]
[Source "ChessBase"]
[SourceDate "2007.02.01"]
[SourceVersion "1"]
[SourceVersionDate "2007.02.01"]
[SourceQuality "1"]
[WhiteTeam "Tegernsee"]
[BlackTeam "Solingen"]
[WhiteTeamCountry "GER"]
[BlackTeamCountry "GER"]

1. e4 e5 2. Nf3 Nc6 3. Bb5 a6 4. Ba4 Nf6 5. O-O Nxe4 6. d4 b5 7. Bb3 d5 8. dxe5
Be6 9. Nbd2 Be7 10. c3 O-O 11. Bc2 f5 12. Nb3 Qd7 13. Nbd4 Nxd4 14. Nxd4 c5 15.
Nxe6 Qxe6 16. f3 Ng5 17. a4 Rad8 {This is the move which was always played by
Siegbert Tarrasch and then by Wolfgang Unzicker. Another move, used often by
me, is 17...g6. Also the adventurous 17...b4 18.cxb4 c4 had been applied.} 18.
axb5 axb5 19. Bxg5 Bxg5 20. f4 Be7 21. Kh1 c4 $6 {This move is an essential
part of the set-up, usually built up by Black in this position, but at this
moment it is premature. 21...Kh8 was called for.} 22. Qd4 b4 ({Or} 22... Qc6
23. b4 $1 {with a clear edge for White.}) 23. Bd1 $1 $16 {White is going to
win the pawn d5 by means of Bf3 and Ra5.} g5 {It is not an attacking move; but
just to hinder the bishop to be on f3.} 24. Ra5 g4 25. Be2 {Preparing Rf1-d1
and... something else.} Rd7 26. Rxd5 $1 $18 Rxd5 27. Bxc4 Rfd8 28. Rd1 bxc3 29.
bxc3 Kg7 30. Bxd5 Qa6 31. c4 Rb8 32. Qd3 Kg6 33. h3 (33. Bf7+ Kxf7 34. Qxf5+
Kg7 35. Qxg4+ {would hardly win the game. White tries to improve the
conditions for this piece sacrifice.}) 33... h5 34. Kh2 {Preparing the
following line: 35.Bf7+ Kxf7 36.Qxf5+ Kg7 37.Qxh5 gxh3 38.Rd3 winning.} ({
It is true} 34. Bf7+ {was winning here already:} Kxf7 35. Qxf5+ Kg7 (35... Kg8
36. e6 $18) 36. Rd7 Qa1+ (36... Qa3 37. hxg4 $18) (36... Re8 37. Qxh5 $18) 37.
Kh2 Qa3 38. Qf6+ Kg8 39. Qg6+ Kf8 40. Rd3 $18) 34... Rb6 35. Re1 $6 ({Here} 35.
Bg8 {was winning:} Qa8 (35... Kg7 36. Qd5 $18) (35... Qb7 36. Bf7+ Kxf7 37.
Qxf5+ Kg8 38. Rd7 Qc8 39. e6 $18) 36. Qd7 $18) 35... Qa5 36. Re2 {The cool 36.
Rb1 can be recommended here with excellent winning chances.} Qa1 37. Be4 $5 {
Frankly speaking, the annotater has for a long time expected the sacrifice
Bf7+. At this position 37.Bf7+ would lead to a draw. The move, made by White
has never come to my mind and, it seems, it is not so bad!} fxe4 38. Qxe4+ Kh6
(38... Kg7 39. f5 Bh4) 39. hxg4 hxg4 40. Qf5 $4 {A grave error - after 40.Re1
White would have an easy draw, and after 40.f5!? still had some winning
chances.} (40. Re1) (40. f5) 40... Rg6 $1 $19 41. Re3 Bc5 42. Rh3+ (42. Qc8 g3+
$19) (42. g3 Qb2+ $19) (42. Kg3 Qc1 43. Re2 Qc3+ 44. Kh2 g3+ 45. Kh3 Qc1 46.
Kh4 Qh1+ 47. Qh3 Be7#) 42... gxh3 43. Qxh3+ Kg7 44. Qd7+ Kh8 45. Qc8+ Kh7 46.
Qxc5 Rh6+ 47. Kg3 Qe1+ 48. Kf3 Rg6 0-1

[Event "Asti op 17th"]
[Site "Asti"]
[Date "1996.10.11"]
[Round "7"]
[White "Luther, Thomas"]
[Black "Krasenkow, Michal"]
[Result "1/2-1/2"]
[WhiteElo "2495"]
[BlackElo "2605"]
[Annotator "Krasenkow,M"]
[PlyCount "67"]
[EventDate "1996.10.??"]
[EventType "swiss"]
[EventRounds "9"]
[EventCountry "ITA"]
[SourceTitle "CBM 057"]
[Source "ChessBase"]
[SourceDate "1997.04.01"]
[SourceVersion "1"]
[SourceVersionDate "1997.04.01"]
[SourceQuality "1"]

1. e4 e5 2. Nf3 Nc6 3. Bb5 a6 4. Ba4 Nf6 5. O-O Nxe4 6. d4 b5 7. Bb3 d5 8. dxe5
Be6 9. c3 Be7 10. Nbd2 Qd7 11. Bc2 Bf5 $1 $146 12. Nd4 $1 (12. Re1 Nc5) 12...
Bg6 13. a4 $3 O-O $2 (13... Nxd2 14. Bxd2 O-O) 14. Nxe4 Bxe4 15. axb5 axb5 16.
Rxa8 Rxa8 17. Bxe4 dxe4 18. e6 $1 fxe6 (18... Qd5 19. exf7+ Kxf7 20. f3 $1 $18)
19. Nxb5 $16 Qxd1 20. Rxd1 Ra1 21. Rf1 Bd8 (21... Bd6 22. Nxd6 $16) 22. Bf4
Rxf1+ (22... Ra2 23. Rb1 {/\c4,Nc3+-}) 23. Kxf1 e5 24. Be3 Kf7 25. Ke2 Ke6 26.
Kd2 (26. Na3 $5 {/\Nb1-d2,b4-b5|, Luther,Th}) 26... Na5 27. Kc2 Nc4 28. b3 Nd6
(28... Nxe3+ 29. fxe3 {/\Kd2-e2,Na3-b1-d2|}) 29. Nxd6 (29. Na3 Nf5 {/\30...
Nh4<=>}) 29... cxd6 30. c4 (30. b4 d5 31. Kb3 Bf6 $132) 30... Ba5 31. Bd2 Bb6
32. Be3 Ba5 33. Bd2 $2 $138 (33. f3 $1 $16) 33... Bb6 34. Be3 $6 (34. Be1 d5 $1
$14) 1/2-1/2

[Event "Olympiad-32"]
[Site "Yerevan"]
[Date "1996.09.30"]
[Round "13.1"]
[White "Lautier, Joel"]
[Black "Krasenkow, Michal"]
[Result "1/2-1/2"]
[WhiteElo "2620"]
[BlackElo "2605"]
[Annotator "Krasenkow,M"]
[PlyCount "82"]
[EventDate "1996.09.15"]
[EventType "team-swiss"]
[EventRounds "14"]
[EventCountry "ARM"]
[SourceTitle "CBM 055"]
[Source "ChessBase"]
[SourceDate "1996.12.01"]
[SourceVersion "1"]
[SourceVersionDate "1996.12.01"]
[SourceQuality "1"]
[WhiteTeam "France"]
[BlackTeam "Poland"]
[WhiteTeamCountry "FRA"]
[BlackTeamCountry "POL"]

1. e4 e5 2. Nf3 Nc6 3. Bb5 a6 4. Ba4 Nf6 5. O-O Nxe4 6. d4 b5 7. Bb3 d5 8. dxe5
Be6 9. Be3 Be7 10. c3 O-O 11. Nbd2 Qd7 12. Re1 Rad8 13. Bc2 Nxd2 14. Qxd2 Bf5
15. Rad1 Rfe8 16. Bf4 $146 (16. h3) 16... Qe6 17. Bg3 Qg6 18. Bxf5 Qxf5 19. Qe3
$1 $14 Bf8 (19... Qg6 $5 20. Nd4 Bc5) 20. h3 (20. Nd4 Qg6 21. f4) 20... h6 (
20... Qg6) 21. Nd4 Qg6 22. f4 Nxd4 23. cxd4 c5 24. dxc5 Bxc5 (24... d4 25. Qf3
$14) 25. Qxc5 Qxg3 26. Qf2 (26. Rf1 d4 27. Rf3 Qg6 28. Rfd3 (28. f5 Qg5 29.
Rxd4 Rc8) 28... Qe6 29. Rxd4 Rxd4 30. Rxd4 Qxa2 $14) 26... Qxf2+ 27. Kxf2 d4 $1
28. Ke2 (28. Re4 f6 29. Rexd4 Rxd4 30. Rxd4 fxe5 31. Re4 Rf8 $10) (28. Kf3 g5
$1) 28... g5 (28... f6 29. Kd3 fxe5 30. Rxe5 Rxe5 31. fxe5 Rf8 32. Rd2 Rf4 $10)
29. g3 f6 30. Kd3 gxf4 31. gxf4 Kf7 32. Rc1 fxe5 33. fxe5 (33. Rxe5 Rxe5 34.
fxe5 Ke6 35. Rc6+ Kxe5 36. Rxh6 Rg8 37. Rh5+ Kd6 38. Kxd4 Rg2 $10) 33... Re6
34. Rc5 (34. Re4 Rd5 35. Rf4+ Ke8 $10) 34... Rg6 35. Rc7+ Ke8 36. e6 Rd6 37. e7
Rge6 38. Rxe6 Rxe6 39. Ra7 Re3+ 40. Kxd4 Rxh3 41. b3 Rh5 1/2-1/2

[Event "Hoogeveen Essent Crown 10th"]
[Site "Hoogeveen"]
[Date "2006.10.22"]
[Round "1"]
[White "Polgar, Judit"]
[Black "Sokolov, Ivan"]
[Result "1-0"]
[WhiteElo "2710"]
[BlackElo "2670"]
[Annotator "Kritz,L"]
[PlyCount "95"]
[EventDate "2006.10.22"]
[EventType "tourn"]
[EventRounds "6"]
[EventCountry "NED"]
[EventCategory "20"]
[SourceTitle "CBM 115"]
[Source "ChessBase"]
[SourceDate "2006.11.15"]
[SourceVersion "1"]
[SourceVersionDate "2006.11.15"]
[SourceQuality "1"]

1. e4 e5 2. Nf3 Nc6 3. Bb5 a6 4. Ba4 Nf6 5. O-O Nxe4 {Die offene Variante der
spanischen Partie ist heute eine von vielen Varianten, wo Weiß keinen
eindeutigen Weg zum Eröffnungsvorteil finden kann. Gleichzeitig schliesst sie
die Möglichkeit für Schwarz auf Gewinn zu spielen nicht aus.} 6. d4 b5 (6...
exd4 $5 {ist eine interessante Fortsetzung} 7. Re1 d5 8. Nxd4 Bd6 $1 9. Nxc6
Bxh2+ {Das ist die Idee von Schwarz, die durch 6....ed eingeleitet wird!} 10.
Kh1 $1 (10. Kxh2 Qh4+ 11. Kg1 Qxf2+ 12. Kh2 Qh4+ 13. Kg1 Qf2+ $11) 10... Qh4
11. Rxe4+ dxe4 (11... Qxe4 12. Nd4+ b5 13. Kxh2 bxa4 14. Nc3 Qh4+ 15. Kg1 $16)
12. Qd8+ $3 {der einzige Zug, sonst würde Weiß sogar verlieren} Qxd8 13. Nxd8+
Kxd8 14. Kxh2 Be6 15. Bf4 b5 (15... c5 16. c3 Ke7 17. Nd2 f5 18. f3 $1 $16 {
weiße Initiative ist sehr gefährlich}) 16. Bb3 Bxb3 17. axb3 $14 {die schwarze
Bauernstruktur ist sehr geschwächt und dadurch hat weiß bessere Aussichten}) 7.
Bb3 d5 (7... exd4 {ist in dieser Stellung nicht so gut} 8. Re1 d5 9. Nc3 $3 (9.
Bxd5 $5 Qxd5 10. Nc3 Qf5 11. Nxe4 Be7 $11) 9... dxc3 (9... Be6 10. Nxe4 dxe4
11. Rxe4 Be7 12. Bxe6 fxe6 13. Nxd4 $14 e5 $2 14. Qh5+ g6 15. Nxc6 gxh5 16.
Nxd8 Rxd8 17. Be3 $16) 10. Bxd5 Bb7 11. Bxe4 (11. Ng5 $6 {sieht zwar
verlockend aus, scheitert jedoch an genauer Verteidigung} Be7 12. Nxf7 Qd7 13.
Rxe4 Nb4 14. Rxe7+ Kxe7 15. Bg5+ Kf8 16. Bxb7 Qxd1+ 17. Rxd1 Kxf7 18. Bxa8 Rxa8
19. bxc3 Nxa2 20. Rd7+ $14) 11... Be7 (11... Qxd1 $4 12. Bxc6+ Kd8 13. Rxd1+
$16) 12. Qe2 $18 {Schwarz ist überall gefesselt und kann nun wirklich aufgeben.
}) 8. dxe5 Be6 9. Nbd2 (9. Be3 $5 {ist heute ebenfalls sehr populär geworden}
Be7 (9... Bc5 10. Qe2 $1 O-O 11. Rd1 Bxe3 12. Qxe3 Na5 13. Nbd2 Nxd2 14. Rxd2
$14 {Weiß bekam eine angenehmere Stellung zu spielen in Kotronias - Mamedyarov
(Warschau, 2005), denn Schwarz hat es nicht geschafft, gleich c5 durchzuführen.
}) (9... Nc5 10. Nc3 Nxb3 11. cxb3 $1 {ausnahmsweise wird hier vom Zentrum weg
genommen, da die offene c-Linie sehr von Bedeutung ist} Be7 12. Rc1 Qd7 13. h3
O-O 14. Ne2 $14 {durch den Druck auf den c-Linie und Dank der Schwächung der
Felder c5 und c6 hat Weiß einen genügenden Vorteil, Ponomariov - Korchnoi 
(Donetsk, 2001)}) 10. c3 Nc5 11. Bc2 Nd7 12. Re1 Ndxe5 13. Nxe5 Nxe5 14. Bd4
Nc6 (14... Ng6 15. Bxg7 Rg8 16. Bxg6 Rxg7 17. Rxe6 hxg6 18. Re2 $14 {nach
Nd2-Nf3-a4 hat Weiß Initiative an allen Teilen des Brettes}) 15. Bxg7 Rg8 16.
Qh5 $1 Kd7 $1 $132 {und die Stellung ist ziemlich unklar - zwar steckt der
schwarze König im Zentrum, doch dafür hat Schwarz sehr großen
Entwicklungsvorsprung}) 9... Be7 (9... Nc5 {Meiner Meinung nach ist diese
Variante der Stein, an dem Weiß heutzutage stolpert.} 10. c3 d4 {und hier galt
sehr lange Zeit die geniale Idee von Igor Zaitsev, nämlich} 11. Ng5 $3 {
als variantewiderlegend, doch in die neue Computerzeit fand man hier ebenfalls
für Schwarz Möglichkeiten auszugleichen:} Qxg5 12. Qf3 O-O-O $3 13. Bxe6+ fxe6
14. Qxc6 Qxe5 15. b4 (15. a4 dxc3 16. Nf3 Qd5 17. axb5 Rd6 18. Qe8+ Rd8 19. Qc6
Rd6 $11) 15... Qd5 16. Qxd5 exd5 17. bxc5 dxc3 18. Nb3 d4 19. Ba3 g6 $132 {
und Schwarz hat für die geopferte Figur sehr gutes Spiel, was im Endeffekt
laut modernen Analysen zum Remis führt, Shirov - Anand (Mainz, 2004)}) 10. c3
O-O 11. Bc2 f5 (11... Nxd2 $6 {widerspricht dem Sinn der Stellung und wird
elegant widerlegt:} 12. Qxd2 $1 (12. Bxd2 f6 13. exf6 Bxf6 $132) 12... f6 (
12... Bg4 13. Qd3 g6 14. Bh6 Re8 15. Rfe1 $16) (12... f5 13. Rd1 Qd7 14. Qd3
$14) 13. Qd3 g6 14. exf6 Bxf6 15. Bh6 $14 {im Vergleich zu 12.Bd2 entwickelt
Weiß hier sehr schnell starke Initiative}) 12. Nb3 Qd7 13. Nfd4 Nxd4 14. Nxd4
c5 15. Nxe6 Qxe6 {All das kam schon mehrmals ans Brett. Meiner Meinung nach
ist der weiße Vorteil nicht anzuzweifeln, denn er hat das Läuferpaar, einen,
in der Perspektive gedeckten, Freibauer und Möglichkeit, mittels a4 gegen die
weißen Felder im schwarzen Lager zu spielen. Man muss trotzdem sagen, dass die
Stellung von Schwarz ziemlich fest ist.} 16. f3 (16. f4 $2 {Wäre ein grober
strategischer Fehler - man darf den Springer nicht auf e4 stehen lassen.} a5 $1
17. a4 b4 $15) 16... Ng5 17. a4 (17. Bxg5 $6 {die Computerempfehlung ergibt
überhaupt keinen Sinn - Weiß gibt alle Vorteile und bekommt nichts dafür...}
Bxg5 18. f4 Be7 $11) (17. h4 {eine kleine Falle in Hoffnung auf
Unaufmerksamkeit des Gegners} Nf7 18. f4 Nh6 $1 (18... Bxh4 $2 19. Qh5 Qh6 $8
20. Qf3 Qe6 21. Qh3 $16) 19. g3 Ng4 $15) 17... Rad8 (17... b4 $5 18. cxb4 c4 (
18... cxb4 19. Bb3 Rad8 20. Qd4 Qc6 21. Be3 Ne6 22. Qd3 $14) 19. b3 $1 (19. Be3
Nf7 20. f4 Bxb4 $132) 19... Nf7 20. bxc4 Qxe5 21. Rb1 $14) (17... Qxe5 $4 {
der Bauer ist selbstverständlich tabu} 18. f4 $18) 18. axb5 {Logisch, wozu
soll a4 sonst gut sein?! Weiß macht die Linien auf, aktiviert seinen Turm und
versucht aktiv zu werden.} axb5 19. Ra7 (19. Bxg5 {verspricht immer noch
keinen Vorteil} Bxg5 20. f4 Be7 21. Kh1 Kh8 22. Qd3 Qc6 $11) 19... Rd7 $146 {
Der neue Zug. In wiefern das eine wichtige Neuerung ist, ist fraglich. Das ist
eher Verstärkung der Vorgängerpartie.} (19... c4 $6 {Damit gibt Schwarz die
Kontrolle über das Zentrum auf. Man sollte dies nur dann tun, wenn man dafür
konkrete Vorteile bekommen kann, hier ist es jedoch nicht der Fall.} 20. Be3 b4
(20... f4 21. Bf2 b4 22. Qd2 {->20....b4}) (20... Qxe5 21. Re1 $36) 21. Qd2 f4
22. Bf2 $1 {Das Feld d4 wird die Dame brauchen.} b3 23. Bb1 Qf7 (23... Nf7 $5 {
vielleicht wäre das die bessere Verteidigung - das Spiel etwas verschärfen,
denn sonst steht Schwarz strategisch schlecht} 24. Qxf4 Nxe5 25. Qg3 Nc6 26.
Re1 Qxe1+ 27. Bxe1 Nxa7 28. Qh3 g6 29. Bf2 Nb5 30. Qe6+ Rf7 31. Qc6 Nd6 32. Bb6
$16) 24. Qd4 Ne6 25. Qb6 Rb8 26. Qa5 Rfd8 27. Rd1 $16 {Bologan - Timman 
(Barcelona, 2006)}) 20. Rxd7 Qxd7 21. Kh1 f4 (21... Ne6 22. f4 $1 $14 {
Praktisch wie ein Merkregel: verlässt der schwarze Springer das Feld g5,
spielt Weiß sofort f4! Springer kann ja dann nicht mehr nach e4 kommen, und
Weiß bekommt den gedeckten Freibauer und den Raumvorteil.}) 22. b4 $1 {Das
schwarze Zentrum muss angegriffen werden!} c4 (22... cxb4 23. cxb4 Bxb4 24. Qd3
$16 {/\h4/Bb3-Rd1}) 23. Qd2 Ne6 24. Rd1 $14 {Weiß ergriff die Initiative und
seine Stellung ist klar besser.} Nc7 25. Qf2 Qe6 26. Qd4 Qc6 27. Kg1 g6 28. Kf1
Bg5 29. Bb2 Ra8 30. Qd2 Ne6 31. Bb1 Rd8 32. Qe1 Qc7 33. h4 Be7 34. Bc1 Qc6 35.
Qf2 Rf8 36. Bc2 Bd8 37. Qd2 Bxh4 38. Qxd5 Qb6 39. Qd2 Bg3 40. Qe2 Qa7 41. Be4
Kh8 42. Bd5 Ng7 43. e6 Qe7 44. Qe5 Qh4 45. Ke2 h5 46. Be4 Rg8 47. Rd7 Qh1 48.
Bd2 1-0

[Event "Val Thorens op 05th "]
[Site "Val Thorens"]
[Date "1980.07.??"]
[Round "?"]
[White "Stoica, Valentin"]
[Black "Staller, Peter"]
[Result "1-0"]
[WhiteElo "2435"]
[BlackElo "2315"]
[Annotator "Marin,M"]
[PlyCount "79"]
[EventDate "1980.07.??"]
[EventType "swiss"]
[EventRounds "9"]
[EventCountry "FRA"]
[SourceTitle "EXT 2004"]
[Source "ChessBase"]
[SourceDate "2003.11.25"]
[SourceVersion "1"]
[SourceVersionDate "2003.11.25"]
[SourceQuality "1"]
[TimeControl "40/7200:20/3600:0"]

1. e4 e5 2. Nf3 Nc6 3. Bb5 a6 4. Ba4 Nf6 5. O-O Nxe4 6. d4 b5 7. Bb3 d5 8. dxe5
Be6 9. Be3 (9. c3) 9... Be7 10. Nbd2 Nc5 11. c3 Bg4 (11... Nd3 $1) 12. Bc2 Ne6
13. Qb1 Bh5 14. b4 $5 $14 {[%csl Rc6,Rc7]} (14. a4 b4 15. a5 Bg6 16. Nb3 bxc3
17. bxc3 Qb8 18. Qa2 O-O 19. Bxg6 hxg6 20. Rab1 Qb5 21. Qc2 Qc4 22. Nfd2 Qg4
23. f4 Qf5 24. Qxf5 gxf5 25. Nf3 Rfb8 26. Nfd4 Ncxd4 27. Nxd4 Nxd4 28. cxd4 Bb4
29. Ra1 Rb5 30. Ra4 Rab8 31. Rfa1 Bc3 32. Rc1 Rb1 33. Rxb1 Rxb1+ 34. Kf2 Ra1
35. Rxa1 Bxa1 36. Ke2 Bc3 37. Kd3 Bxa5 38. h3 Be1 39. g4 g6 40. Kc2 Kf8 41. Kd1
Bg3 {0-1 (41) Gligoric,S-Szabo,L Zuerich 1953}) 14... Bg6 15. Nb3 (15. a4 O-O
$6 {Blundering a pawn.} 16. Nb3) 15... O-O (15... Qd7 $1 {[%csl Ga4][%cal
Gc6a4] White may find it difficult to carry out a4 after Qd7}) 16. a4 Qd7 17.
axb5 axb5 18. Rxa8 Rxa8 19. Bxg6 hxg6 20. Rd1 Bd8 21. Rd2 Ra4 22. h3 Ne7 23. g4
Qc6 24. Nc5 Nxc5 25. Bxc5 Qa8 26. Rd1 Ra6 27. Qd3 d4 28. Nxd4 Nd5 29. Nxb5 Ra1
30. Rxa1 Qxa1+ 31. Kh2 c6 32. Be3 Bh4 33. Nd4 Qa2 34. Ne2 Kh7 35. Kg2 Qa8 36.
Nf4 Qa2 37. Nxd5 cxd5 38. b5 Qa8 39. Bd4 Qb7 40. b6 1-0